| 000 | 00421nam a2200133Ia 4500 | ||
|---|---|---|---|
| 008 | 220214s9999 xx 000 0 und d | ||
| 100 | _aBristow G M | ||
| 245 | 0 | _aCohesive energy densities of polymers. Part.2.Cohesive energy densities from viscosity measurements | |
| 260 |
_bTransactions of the Faraday Society _c1958 |
||
| 300 | _a1742-1747 | ||
| 650 | _aViscosity measurements | ||
| 700 | _aWatson W F | ||
| 942 | _cRE | ||
| 999 |
_c45533 _d45533 |
||